Statistiques concernant Les pays ayant exactement 3 frontières

Cliquez ici pour prendre le quiz!

Statistiques générales

  • Ce quiz a été pris 297 fois
    (193 depuis la dernière actualisation)
  • Le résultat moyen est 21 sur 29

Statistiques - réponses

Pays frontaliersPays% Correct
Etats-Unis, Guatemala, BelizeMexique
97%
Chine, Corée du Sud, RussieCorée du Nord
95%
Algérie, Mauritanie, EspagneMaroc
95%
Suède, Finlande, RussieNorvège
93%
Belgique, Allemagne, FranceLuxembourg
90%
Argentine, Bolivie, PérouChili
89%
Laos, Chine, CambodgeViêt Nam
88%
Soudan, Libye, IsraëlEgypte
87%
Russie, Norvège, SuèdeFinlande
86%
Guyana, Brésil, FranceSuriname
86%
Malaisie, Pap.-Nvl.-Guinée, Timor orientalIndonésie
80%
Brésil, Colombie, GuyanaVenezuela
79%
Ethiopie, Kenya, DjiboutiSomalie
77%
Viêt Nam, Thaïlande, LaosCambodge
76%
Allemagne, Belgique, FrancePays-Bas
76%
Croatie, Serbie, MonténégroBosnie-Herzégovine
74%
Ethiopie, Erythrée, SomalieDjibouti
73%
Indonésie, Thaïlande, BruneiMalaisie
66%
Togo, Côte d'Ivoire, Burkina FasoGhana
63%
Nicaragua, Guatemala, SalvadorHonduras
63%
Argentine, Brésil, BolivieParaguay
62%
Arabie saoudite, Emirats arabes unis, YémenOman
59%
Rép. du Congo, Guinée équatoriale, CamerounGabon
56%
Brésil, Venezuela, SurinameGuyana
55%
Ethiopie, Soudan, DjiboutiErythrée
51%
Côte d'Ivoire, Guinée, Sierra LeoneLiberia
50%
Tanzanie, Rwanda, R.D. CongoBurundi
48%
Ghana, Benin, Burkina FasoTogo
45%
Mozambique, Zambie, TanzanieMalawi
42%

Distribution des résultats

Percentile par nombre de réponses

% des personnes avec chaque résultat

Votre développement - résultats

Vous n’avez pas pris ce quiz depuis la dernière actualisation